[Event "St Petersburg op"]
[Site "St Petersburg"]
[Date "2007.11.03"]
[Round "8"]
[White "Bogdanov, Andrei"]
[Black "Fedoseev, Vladimir1111"]
[Result "0-1"]
[WhiteElo "2079"]
[BlackElo "2236"]
[PlyCount "66"]
[EventDate "2007.10.27"]
[EventType "swiss"]
[EventRounds "9"]
[EventCountry "RUS"]
[SourceTitle "CBM 121 Extra"]
[Source "ChessBase"]
[SourceDate "2008.01.10"]
[SourceVersion "1"]
[SourceVersionDate "2008.01.10"]
[SourceQuality "1"]

1. e4 e5 2. Nf3 Nc6 3. d4 exd4 4. Bc4 Nf6 5. e5 d5 6. Bb5 Nd7 7. Bxc6 bxc6 8. Qxd4 Ba6 9. Bg5 Qb8 10. Nbd2 Bc5 11. Qg4 Qxb2 12. Rb1 Nxe5 13. Qf5 Nxf3+ 14. gxf3 Qxa2 15. Qe5+ Kf8 16. Qc3 Re8+ 17. Be3 Bb6 18. Kd1 Qa4 19. Bc5+ Kg8 20. Rb4 Qa2 21. Rg1 g6 22. Rgg4 Bxc5 23. Ra4 d4 24. Qa5 Be2+ 25. Kc1 Qd5 26. Ne4 Be7 27. Qxa7 Bxf3 28. Rxd4 Qf5 29. Ng3 Bg5+ 30. Kb1 Qb5+ 31. Rb4 Re1+ 32. Kb2 Qe5+ 33. Rgd4 c5 0-1

[Event "St Petersburg-ch U18"]
[Site "St Petersburg"]
[Date "2007.10.11"]
[Round "7"]
[White "Bogdanov, Andrei"]
[Black "Pyatin, Alexander"]
[Result "1-0"]
[WhiteElo "2079"]
[BlackElo "2074"]
[PlyCount "41"]
[EventDate "2007.10.05"]
[EventType "swiss"]
[EventRounds "9"]
[EventCountry "RUS"]
[SourceTitle "EXT 2009"]
[Source "ChessBase"]
[SourceDate "2008.11.26"]
[SourceVersion "1"]
[SourceVersionDate "2008.11.26"]
[SourceQuality "1"]

1. e4 Nf6 2. e5 Nd5 3. d4 d6 4. Nf3 Bg4 5. Be2 Nc6 6. c4 Nb6 7. exd6 exd6 8. b3 Be7 9. Bb2 Bf6 10. Nbd2 0-0 11. Ne4 d5 12. Nxf6+ Qxf6 13. c5 Nc8 14. Qd2 N8e7 15. h3 Bxf3 16. Bxf3 Rfe8 17. 0-0 Rad8 18. Rfe1 Nf5 19. Rxe8+ Rxe8 20. Bxd5 Ncxd4 21. Re1 1-0

[Event "St Petersburg-ch U18"]
[Site "St Petersburg"]
[Date "2007.10.05"]
[Round "1"]
[White "Bogdanov, Andrei"]
[Black "Giri, Anish"]
[Result "0-1"]
[WhiteElo "2079"]
[BlackElo "2341"]
[PlyCount "33"]
[EventDate "2007.10.05"]
[EventType "swiss"]
[EventRounds "9"]
[EventCountry "RUS"]
[SourceTitle "EXT 2009"]
[Source "ChessBase"]
[SourceDate "2008.11.26"]
[SourceVersion "1"]
[SourceVersionDate "2008.11.26"]
[SourceQuality "1"]

1. e4 c5 2. Nf3 d6 3. d4 cxd4 4. Qxd4 Nc6 5. Bb5 Bd7 6. Bxc6 Bxc6 7. Nc3 Nf6 8. Bg5 e6 9. 0-0 Be7 10. Rad1 0-0 11. Rfe1 Qc7 12. e5 dxe5 13. Rxe5 Rfd8 14. Qe3 Be8 15. Rd3 Rxd3 16. cxd3 Ng4 17. Qf4 0-1

[Event "St Petersburg Zak Memorial"]
[Site "St Petersburg"]
[Date "2007.03.30"]
[Round "7"]
[White "Bogdanov, Andrei"]
[Black "Maevsky, Nikolay"]
[Result "1/2-1/2"]
[WhiteElo "2075"]
[BlackElo "2158"]
[PlyCount "94"]
[EventDate "2007.03.24"]
[EventType "team"]
[EventRounds "9"]
[EventCountry "RUS"]
[SourceTitle "CBM 117 Extra"]
[Source "ChessBase"]
[SourceDate "2007.05.09"]
[SourceVersion "1"]
[SourceVersionDate "2007.05.09"]
[SourceQuality "1"]

1. e4 d5 2. exd5 Qxd5 3. Nc3 Qa5 4. d4 Nf6 5. Nf3 Bg4 6. h3 Bh5 7. g4 Bg6 8. Ne5 c6 9. h4 Nbd7 10. Nxd7 Nxd7 11. h5 Be4 12. Rh3 e6 13. Bd2 Bd5 14. Nb1 Qb6 15. c4 Be4 16. Nc3 Qxd4 17. Qe2 Nc5 18. 0-0-0 0-0-0 19. Bg5 Qxd1+ 20. Nxd1 Nd3+ 21. Rxd3 Bxd3 22. Qd2 f6 23. Bxd3 fxg5 24. Qe3 Kb8 25. c5 Ka8 26. Kc2 Be7 27. Nc3 h6 28. Bc4 Bf6 29. Ne4 Bd4 30. Qb3 Rhf8 31. f3 Be5 32. Bxe6 Rfe8 33. Nd2 Bd4 34. Ne4 Re7 35. Qc4 Be5 36. b4 Kb8 37. a4 Rd4 38. Qb3 a6 39. Bf5 Rd8 40. Nd6 Bxd6 41. cxd6 Rxd6 42. Qg8+ Ka7 43. Qf8 Re2+ 44. Kc3 Re3+ 45. Kc4 Rd5 46. Qxg7 Rxf3 47. Bc8 Rf4+ 1/2-1/2

[Event "St Petersburg Zak Memorial"]
[Site "St Petersburg"]
[Date "2007.03.27"]
[Round "4"]
[White "Gavrikov, Viktor1111"]
[Black "Bogdanov, Andrei"]
[Result "0-1"]
[WhiteElo "1735"]
[BlackElo "2075"]
[PlyCount "54"]
[EventDate "2007.03.24"]
[EventType "team"]
[EventRounds "9"]
[EventCountry "RUS"]
[SourceTitle "CBM 117 Extra"]
[Source "ChessBase"]
[SourceDate "2007.05.09"]
[SourceVersion "1"]
[SourceVersionDate "2007.05.09"]
[SourceQuality "1"]

1. c4 e5 2. Nc3 g6 3. e4 Bg7 4. Nge2 Nc6 5. d3 d6 6. Rb1 a5 7. a3 Be6 8. Nd5 f5 9. Nec3 Nd4 10. Nb5 Nxb5 11. cxb5 Bxd5 12. exd5 Nf6 13. Bg5 Qd7 14. Bxf6 Bxf6 15. a4 Qf7 16. Qb3 c6 17. bxc6 bxc6 18. Qb6 Qxd5 19. Rc1 0-0 20. Qxc6 Qxc6 21. Rxc6 Rab8 22. Rxd6 Rxb2 23. Be2 Be7 24. Rc6 Bb4+ 25. Kd1 Rd2+ 26. Kc1 Rxe2 27. Rf1 Rd8 0-1

[Event "St Petersburg Zak Memorial"]
[Site "St Petersburg"]
[Date "2007.03.26"]
[Round "3"]
[White "Bogdanov, Andrei"]
[Black "Malakhov, Igor"]
[Result "0-1"]
[WhiteElo "2075"]
[BlackElo "2221"]
[PlyCount "120"]
[EventDate "2007.03.24"]
[EventType "team"]
[EventRounds "9"]
[EventCountry "RUS"]
[SourceTitle "CBM 117 Extra"]
[Source "ChessBase"]
[SourceDate "2007.05.09"]
[SourceVersion "1"]
[SourceVersionDate "2007.05.09"]
[SourceQuality "1"]

1. c4 Nf6 2. Nc3 c5 3. Nf3 Nc6 4. e3 d5 5. cxd5 Nxd5 6. Bb5 e6 7. Ne5 Bd7 8. Bxc6 Bxc6 9. Nxc6 bxc6 10. d3 Nb4 11. Ke2 Qg5 12. a3 Nd5 13. g3 Rd8 14. Qa4 Nxc3+ 15. bxc3 Qd5 16. Rd1 Be7 17. Qxa7 Qh5+ 18. Ke1 Qxh2 19. Qa4 Qh1+ 20. Ke2 Qh5+ 21. g4 Qd5 22. Qe4 c4 23. Qxc4 Qxc4 24. dxc4 Rxd1 25. Kxd1 h5 26. gxh5 Rxh5 27. a4 Kd7 28. Ra2 Rh1+ 29. Kc2 Rf1 30. f4 Bc5 31. Bd2 f5 32. a5 Rh1 33. a6 Rh8 34. Ra1 Ra8 35. Rg1 Bf8 36. Ra1 Kc7 37. Ra5 Kb6 38. Ra1 Rxa6 39. Rxa6+ Kxa6 40. Kd3 Bc5 41. e4 Kb7 42. e5 Kc7 43. Be1 Kd7 44. Bh4 Ke8 45. Ke2 Be7 46. Bf2 Kf7 47. Kf3 Kg6 48. Bb6 Kh5 49. Be3 Bh4 50. Bc5 Be1 51. Be7 Bh4 52. Bc5 g5 53. Bb6 g4+ 54. Ke3 Be1 55. Bd8 Bxc3 56. Ke2 Bd4 57. Be7 g3 58. Kf3 g2 59. Kxg2 Kg4 60. Bg5 Bxe5 0-1

[Event "St Petersburg-ch U18"]
[Site "St Petersburg"]
[Date "2006.12.03"]
[Round "4"]
[White "Gorovykh, Eduard"]
[Black "Bogdanov, Andrei"]
[Result "1-0"]
[WhiteElo "2341"]
[BlackElo "2093"]
[PlyCount "87"]
[EventDate "2006.11.12"]
[EventType "swiss"]
[EventRounds "7"]
[EventCountry "RUS"]
[SourceTitle "EXT 2019"]
[Source "ChessBase"]
[SourceDate "2018.10.10"]
[SourceVersion "1"]
[SourceVersionDate "2018.10.10"]
[SourceQuality "1"]

1. e4 e5 2. d4 exd4 3. Qxd4 Nc6 4. Qe3 d6 5. Nc3 g6 6. Bd2 Bg7 7. 0-0-0 Nge7 8. h4 Be6 9. Nd5 Bxd5 10. exd5 Ne5 11. f4 Ng4 12. Qf3 Qd7 13. Be2 h5 14. Nh3 0-0 15. Bc3 c5 16. Bxg7 Kxg7 17. Ng5 Nf5 18. Qc3+ Nd4 19. Nf3 Qf5 20. g3 Qxc2+ 21. Qxc2 Nxc2 22. Kxc2 Ne3+ 23. Kd3 Nxd1 24. Rxd1 b5 25. Nd2 Rfe8 26. Bf3 f5 27. a4 a6 28. Ra1 Kf6 29. b3 Kg7 30. Bg2 Reb8 31. Bf1 Re8 32. Nf3 Kf6 33. Kd2 Reb8 34. Re1 bxa4 35. Re6+ Kg7 36. bxa4 Rb2+ 37. Kc3 Rab8 38. Nd2 Ra2 39. Rxd6 Rbb2 40. Nc4 Rf2 41. Bd3 Rxa4 42. Ne5 Rg2 43. Rxg6+ Kf8 44. d6 1-0

[Event "St Petersburg-ch U18"]
[Site "St Petersburg"]
[Date "2006.11.12"]
[Round "1"]
[White "Bogdanov, Andrei"]
[Black "Ivanov, Pavel"]
[Result "1/2-1/2"]
[WhiteElo "2093"]
[BlackElo "2055"]
[PlyCount "94"]
[EventDate "2006.11.12"]
[EventType "swiss"]
[EventRounds "7"]
[EventCountry "RUS"]
[SourceTitle "EXT 2019"]
[Source "ChessBase"]
[SourceDate "2018.10.10"]
[SourceVersion "1"]
[SourceVersionDate "2018.10.10"]
[SourceQuality "1"]

1. e4 d5 2. Nc3 dxe4 3. Nxe4 e5 4. Nf3 Bg4 5. Bc4 Be7 6. Bxf7+ Kf8 7. h3 Bf5 8. Ng3 Kxf7 9. Nxf5 Bf6 10. Qe2 Qd5 11. Ne3 Qe6 12. Ng4 Nc6 13. d3 Nge7 14. 0-0 Ng6 15. Ng5+ Bxg5 16. Bxg5 Rhf8 17. f4 exf4 18. Qxe6+ Kxe6 19. Rae1+ Kf5 20. Bxf4 Nxf4 21. g3 Kg5 22. gxf4+ Rxf4 23. Rxf4 Kxf4 24. Rf1+ Kg3 25. Rf7 Re8 26. Kf1 Re7 27. Rxe7 Nxe7 28. Nf2 Nd5 29. c4 Nf4 30. d4 Nxh3 31. Ne4+ Kf3 32. Nc5 g5 33. d5 g4 34. Ne6 g3 35. Nd4+ Ke4 36. Ne6 h5 37. Kg2 Nf4+ 38. Kxg3 h4+ 39. Kxh4 Ng6+ 40. Kg5 Ne5 41. b3 c6 42. dxc6 bxc6 43. Nc5+ Kd4 44. Kf5 Nxc4 45. Ne6+ Kc3 46. bxc4 Kxc4 47. Nd8 Kb4 1/2-1/2

[Event "St Petersburg Autumn op"]
[Site "St Petersburg"]
[Date "2006.11.05"]
[Round "6"]
[White "Stroganov, Anatoly"]
[Black "Bogdanov, Andrei"]
[Result "1/2-1/2"]
[WhiteElo "1898"]
[BlackElo "2093"]
[PlyCount "123"]
[EventDate "2006.10.31"]
[EventType "swiss"]
[EventRounds "9"]
[EventCountry "RUS"]
[SourceTitle "EXT 2007"]
[Source "ChessBase"]
[SourceDate "2006.11.23"]
[SourceVersion "1"]
[SourceVersionDate "2006.11.23"]
[SourceQuality "1"]

1. d4 Nf6 2. Nf3 e6 3. c4 c5 4. e3 cxd4 5. exd4 Bb4+ 6. Bd2 Bxd2+ 7. Nbxd2 0-0 8. Bd3 d5 9. c5 Nc6 10. 0-0 b6 11. Nb3 a5 12. Rc1 a4 13. Nbd2 Nb4 14. Bb1 Ba6 15. Re1 bxc5 16. a3 Nd3 17. Bxd3 Bxd3 18. Rxc5 Qb6 19. Ne5 Qxb2 20. Nxd3 Qxa3 21. Nb1 Qa1 22. Nc3 Qxd1 23. Rxd1 a3 24. Na2 Ne4 25. Rcc1 g5 26. Ndb4 Rfb8 27. f3 Nd6 28. Rb1 Rc8 29. Rdc1 Nf5 30. Nc6 Kg7 31. g4 Ne3 32. Ncb4 f5 33. gxf5 Nxf5 34. Nc6 Ra4 35. Kf2 Kf6 36. Rb4 Rxb4 37. Ncxb4 Rxc1 38. Nxc1 Nxd4 39. Ke3 Nb5 40. Nca2 h5 41. h3 Kf5 42. Kf2 g4 43. fxg4+ hxg4 44. h4 d4 45. Kg3 Nd6 46. Nc2 Ne4+ 47. Kg2 d3 48. Nxa3 d2 49. Nc4 Kg6 50. Ne3 Kh5 51. Nb4 Nc3 52. Nd3 Kxh4 53. Nf4 Nd5 54. Nfxd5 exd5 55. Kh2 d4 56. Nd1 g3+ 57. Kg2 Kg4 58. Nb2 Kf4 59. Nd1 Ke4 60. Kxg3 Kd3 61. Kf3 Kc2 62. Nf2 1/2-1/2

[Event "St Petersburg Autumn op"]
[Site "St Petersburg"]
[Date "2006.11.02"]
[Round "3"]
[White "Bogdanov, Andrei"]
[Black "Tokareva, Tatiana"]
[Result "1/2-1/2"]
[WhiteElo "2093"]
[BlackElo "2000"]
[PlyCount "117"]
[EventDate "2006.10.31"]
[EventType "swiss"]
[EventRounds "9"]
[EventCountry "RUS"]
[SourceTitle "EXT 2007"]
[Source "ChessBase"]
[SourceDate "2006.11.23"]
[SourceVersion "1"]
[SourceVersionDate "2006.11.23"]
[SourceQuality "1"]

1. e4 e5 2. Nf3 Nf6 3. d3 Nc6 4. c3 Be7 5. g3 0-0 6. Bg2 d5 7. Qc2 dxe4 8. dxe4 Bc5 9. 0-0 Qe7 10. b4 Bd6 11. a3 a5 12. b5 Nd8 13. a4 Ne6 14. Na3 Nc5 15. Nh4 g6 16. Bg5 Qe6 17. f4 exf4 18. e5 Qxe5 19. Bxf4 Qe6 20. Rae1 Qd7 21. Rd1 Nh5 22. Bxd6 cxd6 23. Nc4 Qg4 24. Rd4 Qe6 25. Nxd6 Qe3+ 26. Kh1 Ne6 27. Rd3 Qb6 28. c4 Nc5 29. Rd2 Be6 30. Rfd1 Qc7 31. Nf3 Rad8 32. Ng5 Bg4 33. Bf3 Bxf3+ 34. Nxf3 Ng7 35. Ne5 f6 36. Nef7 Rd7 37. Nh6+ Kh8 38. Rd5 Nge6 39. h4 Kg7 40. Qd2 Re7 41. b6 Qc6 42. Nhf5+ gxf5 43. Nxf5+ Kf7 44. Kh2 Ree8 45. Qh6 Kg8 46. R1d4 Kh8 47. Rg4 Rf7 48. Nd6 Ree7 49. Nxf7+ Rxf7 50. Qd2 Qxb6 51. Rd6 Qc7 52. Qd5 Qe7 53. h5 Rf8 54. h6 Ng5 55. Rxg5 fxg5 56. Qd4+ Kg8 57. Qd5+ Kh8 58. Qd4+ Kg8 59. Qd5+ 1/2-1/2

[Event "St Petersburg Autumn op"]
[Site "St Petersburg"]
[Date "2006.11.01"]
[Round "2"]
[White "Khatenever, Feliks"]
[Black "Bogdanov, Andrei"]
[Result "1-0"]
[WhiteElo "1984"]
[BlackElo "2093"]
[PlyCount "113"]
[EventDate "2006.10.31"]
[EventType "swiss"]
[EventRounds "9"]
[EventCountry "RUS"]
[SourceTitle "EXT 2007"]
[Source "ChessBase"]
[SourceDate "2006.11.23"]
[SourceVersion "1"]
[SourceVersionDate "2006.11.23"]
[SourceQuality "1"]

1. d4 Nf6 2. g3 c5 3. dxc5 e6 4. b4 a5 5. c3 axb4 6. cxb4 Nd5 7. Bb2 Nxb4 8. a3 Nd5 9. e4 Qa5+ 10. Qd2 Nf6 11. Bc3 Qxc5 12. Bg2 Nc6 13. Ne2 Ra4 14. Bxf6 gxf6 15. 0-0 Bg7 16. Rc1 Qa5 17. Ra2 Qxd2 18. Nxd2 f5 19. exf5 d5 20. Nc3 Bxc3 21. Rxc3 Kd7 22. Nb3 b6 23. Rac2 Bb7 24. Bf1 Rc8 25. Bb5 Re4 26. f3 Re1+ 27. Kf2 Rh1 28. fxe6+ fxe6 29. Kg2 Rd1 30. Rd3 Rxd3 31. Bxd3 Ne5 32. Rxc8 Bxc8 33. Bxh7 Ke7 34. Nd4 Bd7 35. h4 Nc4 36. Nc2 Ba4 37. Kf2 Bxc2 38. Bxc2 Nxa3 39. Bb3 Nb5 40. Ke3 Kf6 41. g4 Nd6 42. f4 Ne8 43. h5 Nd6 44. g5+ Kg7 45. Kd4 Nf7 46. h6+ Kg8 47. Bc2 b5 48. h7+ Kg7 49. g6 Nd8 50. Ke5 b4 51. Kd6 d4 52. Ke7 Nc6+ 53. Kxe6 b3 54. Bxb3 d3 55. h8Q+ Kxh8 56. Kf7 Nd8+ 57. Kf8 1-0

[Event "St Petersburg Autumn op"]
[Site "St Petersburg"]
[Date "2006.10.31"]
[Round "1"]
[White "Bogdanov, Andrei"]
[Black "Gorovykh, Eduard"]
[Result "0-1"]
[WhiteElo "2093"]
[BlackElo "2341"]
[PlyCount "62"]
[EventDate "2006.10.31"]
[EventType "swiss"]
[EventRounds "9"]
[EventCountry "RUS"]
[SourceTitle "EXT 2007"]
[Source "ChessBase"]
[SourceDate "2006.11.23"]
[SourceVersion "1"]
[SourceVersionDate "2006.11.23"]
[SourceQuality "1"]

1. e4 e6 2. Nc3 d5 3. Nf3 d4 4. Ne2 c5 5. d3 Nc6 6. g3 e5 7. Bg2 Be7 8. 0-0 g5 9. Nd2 h5 10. f4 f6 11. f5 g4 12. a4 Nh6 13. Nc4 Nf7 14. b3 b6 15. Bd2 Ba6 16. Ra2 Qd7 17. Rf2 0-0-0 18. Qe1 h4 19. Bf1 hxg3 20. Nxg3 Rh4 21. Be2 Nb4 22. Rb2 Bxc4 23. dxc4 Rdh8 24. Bd3 Bf8 25. Nf1 Bh6 26. Bxh6 R8xh6 27. Rg2 Ng5 28. Qg3 Qh7 29. Kh1 Nf3 30. Be2 Rh3 31. Qf2 Nxh2 0-1

[Event "St Petersburg White Nights op"]
[Site "St Petersburg"]
[Date "2006.06.25"]
[Round "3"]
[White "Bogdanov, Andrei"]
[Black "Fedoseev, Sergey"]
[Result "0-1"]
[WhiteElo "2089"]
[BlackElo "2316"]
[PlyCount "64"]
[EventDate "2006.06.23"]
[EventType "swiss"]
[EventRounds "9"]
[EventCountry "RUS"]
[SourceTitle "CBM 112 Extra"]
[Source "ChessBase"]
[SourceDate "2006.07.14"]
[SourceVersion "1"]
[SourceVersionDate "2006.07.14"]
[SourceQuality "1"]

1. e4 c6 2. Nc3 d5 3. Nf3 Bg4 4. h3 Bxf3 5. Qxf3 e6 6. exd5 cxd5 7. Bb5+ Nc6 8. Ne2 Nf6 9. c3 Qb6 10. Ba4 Bd6 11. d4 0-0 12. 0-0 e5 13. Bxc6 bxc6 14. Qd3 c5 15. Be3 cxd4 16. cxd4 e4 17. Qd2 Rab8 18. Rfb1 Rfc8 19. Qd1 h6 20. Bd2 Rc6 21. Bc3 Rbc8 22. Qd2 Bb8 23. Qe3 Nh5 24. g3 Rf6 25. Be1 Rf3 26. Qd2 Qe6 27. Rc1 Re8 28. Kg2 e3 29. Qd3 Qf6 30. Rc6 Rxf2+ 31. Kg1 Rf1+ 32. Kh2 Qf3 0-1

[Event "St Petersburg White Nights op"]
[Site "St Petersburg"]
[Date "2006.06.23"]
[Round "1"]
[White "Bogdanov, Andrei"]
[Black "Pirogov, Vyatchslav"]
[Result "0-1"]
[WhiteElo "2089"]
[BlackElo "2390"]
[PlyCount "86"]
[EventDate "2006.06.23"]
[EventType "swiss"]
[EventRounds "9"]
[EventCountry "RUS"]
[SourceTitle "CBM 112 Extra"]
[Source "ChessBase"]
[SourceDate "2006.07.14"]
[SourceVersion "1"]
[SourceVersionDate "2006.07.14"]
[SourceQuality "1"]

1. e4 e6 2. Nc3 d5 3. Nf3 Nf6 4. e5 Nfd7 5. d4 c5 6. dxc5 Bxc5 7. Bd3 Nc6 8. Bf4 f6 9. exf6 Nxf6 10. 0-0 0-0 11. Qd2 Qe8 12. Rae1 Qh5 13. Nb5 Ne8 14. Ne5 a6 15. Nxc6 bxc6 16. Nc7 Rxf4 17. Qxf4 Bd6 18. Qxd6 Nxd6 19. Nxa8 e5 20. Nb6 Be6 21. Bxa6 e4 22. Na4 d4 23. b3 Qg5 24. f3 e3 25. Bd3 h5 26. Nb2 h4 27. Nc4 Nxc4 28. bxc4 Qc5 29. a4 Bxc4 30. Ra1 Bxd3 31. cxd3 Qa5 32. Rfc1 c5 33. Rc2 c4 34. Rxc4 Qd2 35. Rcc1 Qxd3 36. Rd1 Qc2 37. Rxd4 Qf2+ 38. Kh1 e2 39. Rdd1 h3 40. Rg1 e1Q 41. Raxe1 hxg2+ 42. Rxg2 Qxe1+ 43. Rg1 Qf2 0-1